000 00780nam a22002057a 4500
999 _c12839
_d12839
003 AR-CdUCM
008 190410b ||||| |||| 00| 0 spa d
040 _aMUNICIPALIDAD PROVINCIAL DEL CUSCO
_cBIBLIOTECA MUNICIPAL DEL CUSCO
082 _a498.51 /
_bF23 / 1957
100 _aFarfan, Jose M. B.
_930921
245 _aQuechuismos su ubicación y reconstrucción etimológica /
260 _aLima :
_c1957.
300 _a38 paginas ;
_c25 cm.
505 _aContenido : La importancia de los quechuismos -- Extensión de los quechuismos -- La plasticidad de la lengua quechua -- Valores que representan los quechuismos.
650 _aQuechua
_92063
650 _aQuechuismos
_930922
650 _aQuechua en el Perú
_930923
942 _2ddc
_cLIBROS
945 _awnts
_d2019-04-10